Priama syntéza fenolu z benzénu : Obh. 25.5.1998 /

Enregistré dans:
Détails bibliographiques
Auteur principal: Štefanička, Peter (Auteur)
Format: Manuscrit Livre
Langue:slovaque
Publié: Bratislava : STU v Bratislave ChtF, 1998
Tags: Ajouter un tag
Pas de tags, Soyez le premier à ajouter un tag!

MARC

LEADER 00000ntm a22000003a 4500
001 stu33734
005 20150617225733.5
008 980910s1998----xo------------------slo-d
040 |a STU  |b slo 
041 0 |a slo 
044 |a xo 
100 1 |a Štefanička, Peter  |4 aut 
245 1 |a Priama syntéza fenolu z benzénu :  |b Obh. 25.5.1998 /  |c [aut.]Štefanička,Peter 
260 |a Bratislava :  |b STU v Bratislave ChtF,  |c 1998 
300 |a 61 s :  |b Tab.,grafy,lit 
500 |a Zameranie: Technológia organických výrob 
996 |b CD12488  |c C*D12488  |l CCI  |s A  |a 24  |w stu33734_0001